00670nam a2200145Ia 4500008004100000050002700041100002800068245015600096260008600252300002800338521002200366942000700388999001900395952011000414140724s9999 xx 000 0 und d aLC 4713.4b.Sa237 2010 aSantos, Dianne Karla C. aEffects of structured play in the social behavior, social skill of children with attention deficit hyperactive disorder ADHD /cDianne Karla C. Santos. aLas Piñas, Philippines :bSouthville International School and Colleges,cc2010. a30 p. :bill. ;c28 cm. aSpecial Education cTH c229278d229278 001040aCLbCLcTHESESd2014-07-24l0oLC 4713.4 .Sa237 2010pT0632r2018-05-15 00:00:00w2014-07-24yTH